| 000 | 01891nam0a2200373 i 4500 | ||
|---|---|---|---|
| 001 | RU\NLR\BIBL_A\010397093 | ||
| 005 | 20260406140735.0 | ||
| 010 |
_a9785699706914 _93000 |
||
| 021 |
_aRU _b2014-25545 _91584 |
||
| 035 | _a(NILC)RuMoRGB-006768586 | ||
| 035 | _a(NLR Aleph) 010397093 | ||
| 090 |
_a9692482 _c9692482 |
||
| 100 | _a20140605d2014 um y0rusy50 ca | ||
| 101 | 1 |
_arus _ceng |
|
| 102 | _aRU | ||
| 105 | _ay|||||||||||| | ||
| 200 | 1 |
_aЗолотой жук _e[рассказы. Стихотворения] _fЭдгар Аллан По _gпер. с англ.: [З. Александрова и др. _gвступ. ст. В. Брюсова _gпримеч. М. Беккер _gил. худож. Гюстава Доре] |
|
| 210 |
_aМосква _cЭксмо _d2014 |
||
| 215 |
_a766, [1] с., [12] л. ил. _d21 |
||
| 225 | 1 | _aШедевры мировой классики | |
| 327 | 0 | _aСодеж.: рассказы: Метценгерштейн; Рукопись, найденная в бутылке; Необыкновенное приключение некоего Ганса Пфааля; Лигейя; Падение дома Эшеров; Вильям Вильсон; Делец; Убийство на улице Морг; Тайна Мари Роже; Низвержение в Мальстрем [и др.] | |
| 333 | _a16+ | ||
| 675 | _a821.111(73)-32 | ||
| 686 | 1 | _aШ6(7США)57-44{Лх1976-45} | |
| 700 | 1 |
_7ca _8rus _aПо _bЭ. А. _f1809-1849 _gЭдгар Аллан _9113225 _3RU\NLR\AUTH\773219 |
|
| 702 | 1 |
_4040 _7ca _8rus _aДоре _bГ. _cхудожник _f1832-1883 _gГюстав _91392 _3RU\NLR\AUTH\7718314 |
|
| 801 | 0 |
_aRU _bRuMoRKP _c20100816 _gRCR |
|
| 801 | 2 |
_aRU _bРГБ _c20140402 _grcr |
|
| 801 | 1 |
_aRU _bRuMoRKP _c20100816 _2rusmarc |
|
| 942 | _cBOOK | ||
| 980 | _aNBR | ||